Acronymes anglais #2 - Statistiques

Statistiques générales
  • Ce quiz a été pris 134 fois
  • Le résultat moyen est 19 sur 40
Statistiques - réponses
Hint Réponse % Correct
O Of
83%
P Person
83%
I Important
82%
V Very
82%
T Time
81%
A All
80%
N National
79%
A Amazon
75%
G Google
75%
F Facebook
74%
G Greatest
74%
F Federal
70%
A Apple
67%
M Microsoft
67%
B Bureau
63%
U United
63%
U United
63%
I of Investigation
62%
S and Space
57%
N Nations
56%
N Nations
56%
V Vehicle
46%
S System
43%
C Children's
40%
G Global
40%
P Positioning
36%
I International
35%
A Aeronautics
33%
S Sport
33%
A Administration
26%
U Utility
24%
C and Cultural
15%
O Organization
13%
S Scientific
11%
E Educational
9%
L Locator
7%
R Ressource
7%
F Fund
6%
U Uniform
6%
E Emergency
5%
Aucun quiz correspondant
Distribution des résultats
% des personnes avec chaque résultat
Percentile par nombre de réponses
Votre historique - résultats
Vous n’avez pas pris ce quiz